| 000 | 00868nam a22002177a 4500 | ||
|---|---|---|---|
| 010 | _a1617CH-EN | ||
| 020 |
_a9788176761475 _c250.00 |
||
| 035 | _aB-646724-753 | ||
| 035 | _aB-664774 | ||
| 037 |
_aDPL _bStar/Ven. |
||
| 082 | _aS | ||
| 100 | _aMehta, Anurag | ||
| 245 |
_aTales from Indian classics / _cby Anurag Mehta |
||
| 260 |
_aNew Delhi _bNita Mehta _c2014 |
||
| 270 |
_a3A/3 Asaf Ali Road, _bNew Delhi _e110002 |
||
| 300 |
_a79p. _c25cm(Hb) |
||
| 490 | _aLarge print for young readers | ||
| 942 |
_2ddc _cCH _mMEH _hS |
||
| 999 |
_c100838 _d100838 |
||